Music Quiz

Random Music Quiz
Score 0/174 Timer 06:00
0 Plays Today
% Correct
a
97.6%
me.
97.6%
a
97.6%
Society,
97.6%
a
97.6%
me.
97.6%
a
97.6%
Society,
97.6%
a
97.6%
me.
97.6%
Society,
97.6%
me.
97.6%
Society,
97.6%
a
97.6%
me.
97.6%
Society,
97.6%
me.
97.6%
I
96.9%
I
96.9%
I
96.9%
I
96.9%
I
96.9%
I
96.9%
I
96.9%
You
95.3%
you
95.3%
you
95.3%
you
95.3%
you
95.3%
you
95.3%
you
95.3%
you
95.3%
you
95.3%
you
95.3%
you
95.3%
you
95.3%
you
95.3%
you
95.3%
you
95.3%
You
95.3%
with
92.9%
crazy
92.9%
crazy
92.9%
crazy
92.9%
crazy
92.9%
crazy
92.9%
breed.
92.1%
hope
92.1%
breed.
92.1%
hope
92.1%
hope
92.1%
breed.
92.1%
hope
92.1%
hope
92.1%
have
91.3%
have
91.3%
have
91.3%
have
91.3%
% Correct
without
91.3%
have
91.3%
have
91.3%
without
91.3%
without
91.3%
without
91.3%
without
91.3%
you're
90.6%
you're
90.6%
lonely
90.6%
you're
90.6%
you're
90.6%
lonely
90.6%
you're
90.6%
lonely
90.6%
you're
90.6%
you're
90.6%
you're
90.6%
lonely
90.6%
you're
90.6%
lonely
90.6%
your
89.8%
your
89.8%
not
89%
not
89%
not
89%
not
89%
not
89%
more
88.2%
need.
88.2%
more
88.2%
need.
88.2%
more
88.2%
need
88.2%
more
88.2%
need
88.2%
more
88.2%
more
88.2%
more.
88.2%
more,
88.2%
to
87.4%
to
87.4%
to
87.4%
to
87.4%
than
85.8%
than
85.8%
than
85.8%
than
85.8%
We
85%
we
85%
it
84.3%
you're
83.5%
think
82.7%
think
82.7%
think
82.7%
think
82.7%
think
82.7%
want
81.9%
% Correct
want
81.9%
want
81.9%
be
81.1%
It's
80.3%
When
80.3%
when
80.3%
when
80.3%
agreed.
78.7%
which
78%
And
78%
and
78%
the
78%
and
78%
mystery
76.4%
if
76.4%
free.
74.8%
greed
74%
all
74%
place.
74%
find
73.2%
bigger
71.7%
space.
70.9%
less,
70.9%
less
70.9%
less
70.9%
can't
70.9%
that...
70.1%
begin
69.3%
do
69.3%
is
68.5%
is
68.5%
how
68.5%
won't
66.9%
thoughts
66.9%
bleed.
65.4%
score?
63.8%
keeping
63%
for
63%
But
62.2%
Until
60.6%
Cause
58.3%
top.
56.7%
from
55.1%
every
54.3%
drops.
53.5%
like
53.5%
point
49.6%
make
48.8%
those
48%
Kinda
48%
There's
43.3%
starting
41.7%
Means
40.2%
or
36.2%
level
36.2%
deep.
31.5%
deep.
31.5%
saying
29.2%

You're not logged in!

Compare scores with friends on all Sporcle quizzes.
OR
Log In

Sporcle TV

Today on Sporcle TV


Watch our educational content, quiz creation guides, and fun videos on Sporcle TV.

Show Comments

Extras

Created Oct 15, 2013SourceReportNominate
Tags:Eddie Vedder, Society

Top Quizzes Today


Score Distribution

Paid Content

Your Account Isn't Verified!

In order to create a playlist on Sporcle, you need to verify the email address you used during registration. Go to your Sporcle Settings to finish the process.

Report this User

Report this user for behavior that violates our Community Guidelines.

Details: